IFM Opac

A tool of power (Record no. 15176)

MARC details
000 -LEADER
fixed length control field 00241nam a22001097a 4500
082 ## - DEWEY DECIMAL CLASSIFICATION NUMBER
Classification number 332.49 WIS
245 ## - TITLE STATEMENT
Title A tool of power
260 ## - PUBLICATION, DISTRIBUTION, ETC.
Place of publication, distribution, etc. London
Name of publisher, distributor, etc. Wiley and sons
Date of publication, distribution, etc. 1979
300 ## - PHYSICAL DESCRIPTION
Extent xi, 401p.
Other physical details 24cm.
500 ## - GENERAL NOTE
General note Include index
942 ## - ADDED ENTRY ELEMENTS (KOHA)
Koha item type Books
Holdings
Withdrawn status Lost status Damaged status Not for loan Home library Current library Date acquired Total Checkouts Full call number Barcode Date last seen Price effective from Koha item type
        IFM Main Campus Library IFM Main Campus Library 02/01/2016   332.49 WIS 0000005138 02/01/2016 02/01/2016 Books